[Event "1st Alushta Summer"]
[Site "Alushta UKR"]
[Date "2007.06.08"]
[Round "9"]
[White "Simonian,H"]
[Black "Lazarov,A RUS"]
[Result "1-0"]
[WhiteElo "2402"]
[BlackElo "2345"]

1.e4 c5 2.Nc3 Nc6 3.Bb5 Nd4 4.Bc4 e6 5.Nge2 Qc7 6.d3 a6 7.Nxd4 cxd4 8.Ne2 Bc5
9.O-O Ne7 10.Ng3 d5 11.exd5 exd5 12.Bb3 Be6 13.f4 Qd7 14.Qf3 Bg4 15.Qf2 h5
16.h3 Bf5 17.Bd2 h4 18.Nxf5 Nxf5 19.Rfe1+ Kf8 20.Re5 Ne7 21.Qf3 Rd8 22.Rae1 f5
23.Qf2 Rh6 24.Bc3 Bd6 25.Qxd4 Bxe5 26.Rxe5 Nc6 27.Qc5+ Qd6 28.Rxf5+ Kg8 29.Bxd5+ Kh7
30.Qxd6 Rhxd6 31.Rh5+ Rh6 32.Be4+ Kg8 33.Rxh6 gxh6 34.Kf2 Kf7 35.Ke3 Rd7
36.f5 Ne7 37.Be1 Nd5+ 38.Kf3 Nf6 39.Bxh4 Rc7 40.c3 b5 41.Bg3 Rc5 42.d4 Rc4
43.Bd3 Rc6 44.Be5 Rb6 45.g4 b4 46.c4 b3 47.a3 Nd7 48.Bf4 a5 49.c5 Rf6 50.h4 Ke8
51.g5 hxg5 52.hxg5 Rf8 53.g6 Nf6 54.Bb5+ Kd8 55.Bc4 Nh5 56.Bg5+ Kd7 57.Kg4 Rh8
58.f6 a4 59.g7 Nxf6+ 60.Bxf6 Rh1 61.Bh4 Rg1+ 62.Bg3 Rd1 63.g8=Q Rxd4+ 64.Kh3  1-0

[Event "7th ch-Euro Senior"]
[Site "Hockenheim GER"]
[Date "2007.06.08"]
[Round "7"]
[White "Khazankin,M"]
[Black "Achenbach,M"]
[Result "1-0"]
[WhiteElo "2112"]
[BlackElo "2187"]

1.e4 c5 2.Nc3 Nc6 3.Bb5 e6 4.Nf3 Nd4 5.Bc4 a6 6.d3 d6 7.O-O Nf6 8.a4 Be7
9.Nxd4 cxd4 10.Ne2 e5 11.f4 O-O 12.c3 Bg4 13.h3 Bxe2 14.Qxe2 dxc3 15.bxc3 d5
16.exd5 Bc5+ 17.Kh1 exf4 18.Bxf4 Nxd5 19.Bd2 Rc8 20.Rf5 Nf6 21.Bg5 Be7 22.Raf1 Rc6
23.Qf3 Qc7 24.Bf4 Qd7 25.Be5 Rc5 26.Bb3 Qc6 27.Qg3 Kh8 28.Rg5 Bd6 29.Rxf6 Rxe5
30.Qxe5 Bxe5 31.Rxc6  1-0

[Event "ch-URU"]
[Site "Montevideo URU"]
[Date "2007.06.08"]
[Round "9"]
[White "Larrea,M"]
[Black "Etcheverz,I"]
[Result "1-0"]
[WhiteElo "2317"]
[BlackElo "2147"]

1.e4 c5 2.Nc3 Nc6 3.Bb5 Nf6 4.d3 d6 5.f4 Bd7 6.Nf3 e6 7.O-O Be7 8.e5 Nd5
9.Ne4 Qc7 10.c4 Nb6 11.a4 d5 12.Nc3 d4 13.Ne4 a6 14.Bxc6 Bxc6 15.a5 Nxc4
16.Qe1 Ne3 17.Bxe3 dxe3 18.Qxe3 Rd8 19.f5 Bxe4 20.dxe4 O-O 21.f6 gxf6 22.Qh6 fxe5
23.Ng5 Bxg5 24.Qxg5+ Kh8 25.Qf6+ Kg8 26.Ra3  1-0

[Event "TCh-BIH"]
[Site "Vogosca BIH"]
[Date "2007.06.08"]
[Round "7"]
[White "Popovic,Du"]
[Black "Ljubicic,F"]
[Result "1-0"]
[WhiteElo "2557"]
[BlackElo "2396"]

1.e4 c5 2.Nc3 Nc6 3.Nf3 d6 4.d4 cxd4 5.Nxd4 e5 6.Nf3 h6 7.Bc4 Nf6 8.O-O Be7
9.Be3 O-O 10.Qe2 Bg4 11.h3 Be6 12.Rfd1 Qc8 13.Bb3 Na5 14.Nd5 Nxd5 15.Bxd5 Nc4
16.c3 f5 17.exf5 Rxf5 18.b3 Bxd5 19.Rxd5 Nb6 20.Bxb6 Qxc3 21.Bd4 exd4 22.Rxf5 Qxa1+
23.Kh2 Qb1 24.Qe6+ Kh8 25.Nxd4 Qd3 26.Qxe7 Qxd4 27.Qxb7 Re8 28.Qf3 Re5 29.Rf4 Qd5
30.Qxd5 Rxd5 31.Kg3 Ra5 32.a4 Rd5 33.Rb4 Kh7 34.Kf3 Rd2 35.Ke3 Rb2 36.Rb7 a5
37.Rb5 Kg6 38.g4 Kf6 39.h4 Ke6 40.h5 d5 41.Rb6+ Kd7 42.Kd4 Rxf2 43.Kxd5 Rf4
44.Rb7+ Kc8 45.Rxg7 Rb4 46.g5  1-0

[Event "XV Lasker Mem Open A"]
[Site "Barlinek POL"]
[Date "2007.06.09"]
[Round "9"]
[White "Lundberg,R"]
[Black "Maliszewski,J"]
[Result "0-1"]
[WhiteElo "2088"]
[BlackElo "1942"]

1.e4 c5 2.Nc3 Nc6 3.Bb5 e5 4.Bxc6 bxc6 5.d3 d5 6.Nf3 f6 7.h3 Be6 8.O-O Bd6
9.Ne2 Ne7 10.g4 h5 11.Nh2 Qd7 12.Ng3 hxg4 13.hxg4 Rh4 14.f3 O-O-O 15.Rf2 Rdh8
16.Bd2 Rh3 17.Rg2 Ng6 18.Ngf1 Nf4 19.Bxf4 exf4 20.Qd2 g5 21.Rd1 c4 22.Qa5 Kb7
23.dxc4 dxe4 24.Rgd2 Qc7 25.Qxc7+ Bxc7 26.c5 e3 27.Rd4 e2 28.Re1 exf1=Q+
29.Nxf1 Be5 30.Rb4+ Kc7 31.Kf2 Bd5 32.Rbe4 Bxe4 33.Rxe4 Bxb2 34.Re7+ Kb8
35.Re4 Be5  0-1

[Event "8th UKR Universiad"]
[Site "Evpatoria UKR"]
[Date "2007.06.09"]
[Round "6"]
[White "Sitnikov,A"]
[Black "Krupko,A"]
[Result "1/2-1/2"]
[WhiteElo "2458"]
[BlackElo "2116"]

1.e4 c5 2.Nc3 Nc6 3.Nge2 g6 4.d4 cxd4 5.Nxd4 Bg7 6.Be3 Nf6 7.Nxc6 dxc6 8.Qxd8+ Kxd8
9.O-O-O+ Nd7 10.Bc4 Rf8 11.a4 Kc7 12.f4 Nb6 13.Bb3 Be6 14.Bc5 Bxb3 15.cxb3 Bxc3
16.bxc3 Rfe8 17.a5 Nd7 18.Ba3 b6 19.Kc2 Rad8 20.Rd4 c5 21.axb6+ axb6 22.Ra4 b5
23.Ra5 Ra8 24.Rxa8 Rxa8 25.Bb2 Nb6 26.Rf1 e6 27.g4 c4 28.Rf3 cxb3+ 29.Kxb3 Nc4
30.Rh3 Nd2+ 31.Kc2 Nxe4 32.Rxh7 Nd6 33.h4 Ra4 34.Bc1 Ra2+ 35.Kd3 Rg2 36.f5 exf5
37.gxf5 Nxf5 38.Rxf7+ Kc6 39.h5 Rg3+ 40.Kc2 Rg2+ 41.Kb3 Rg1 42.Kc2 Rg2+ 43.Kb1 Rg1
44.hxg6 Nd6 45.Rg7 Nf5 46.Rf7 Nd6 47.Rf6 Kd5 48.Kc2 Ne4 49.Rb6 Nd6 50.Bf4 Rxg6
51.Bxd6 Rxd6 52.Rxb5+ Kc6 53.Rh5 Rg6 54.Kb3 Rf6 55.Kb4 Rg6 56.Ra5 Kb6 57.c4 Rf6
58.c5+ Kb7 59.Kb5 Rf1 60.c6+ Kc7 61.Ra7+ Kb8 62.Rd7 Kc8 63.Rd6 Rb1+ 64.Kc5 Kc7
65.Rd7+ Kc8 66.Rd4 Rc1+ 67.Kd6 Rh1 68.Rb4 Rd1+ 69.Kc5 Rc1+ 70.Kb6 Re1 71.Rb2 Rd1
72.Rc2 Rb1+ 73.Kc5 Kc7 74.Rc3 Rb2 75.Rc4 Rb1 76.Kd5 Rd1+ 77.Kc5 Rb1 78.Rc2 Rd1
79.Rg2 Rc1+ 80.Kb5 Rb1+  1/2-1/2

[Event "7th ch-Euro Senior"]
[Site "Hockenheim GER"]
[Date "2007.06.09"]
[Round "8"]
[White "Onoprienko,V"]
[Black "Khroulkov,G"]
[Result "1-0"]
[WhiteElo "2342"]
[BlackElo "2215"]

1.e4 c5 2.Nc3 Nc6 3.Bb5 g6 4.Nf3 Bg7 5.O-O a6 6.Bxc6 dxc6 7.d3 Bg4 8.h3 Bxf3
9.Qxf3 Nf6 10.Be3 Nd7 11.Qe2 O-O 12.f4 Bd4 13.Nd1 e5 14.f5 Qh4 15.c3 Bxe3+
16.Nxe3 f6 17.fxg6 hxg6 18.Rf3 Kg7 19.Raf1 Rae8 20.Kh2 Re6 21.Qc2 b5 22.Rg3 Kf7
23.b4 cxb4 24.cxb4 c5 25.bxc5 Rc8 26.Qb3 Nxc5 27.Qd5 Qh8 28.Ng4 Ke7 29.Rgf3 Rd6
30.Nxe5 Rxd5 31.Nxg6+ Kd7 32.Nxh8 Rxd3 33.Rxd3+ Nxd3 34.Rd1 Rc3 35.Ng6 Ke8
36.Nh4 Ra3 37.Nf5 Kf7 38.Rd2 Ke6 39.h4  1-0

[Event "7th ch-Euro Senior"]
[Site "Hockenheim GER"]
[Date "2007.06.09"]
[Round "8"]
[White "Niebling,F"]
[Black "Khazankin,M"]
[Result "0-1"]
[WhiteElo "2226"]
[BlackElo "2112"]

1.e4 c5 2.Nc3 Nc6 3.Bb5 Nd4 4.Nf3 a6 5.Bd3 e6 6.O-O Ne7 7.Nxd4 cxd4 8.Ne2 Nc6
9.c3 Bc5 10.cxd4 Nxd4 11.Rb1 O-O 12.b4 Ba7 13.Bb2 Nc6 14.a3 d6 15.Rc1 Qg5
16.Kh1 e5 17.Bc4 Kh8 18.d4 f5 19.dxe5 dxe5 20.f4 exf4 21.Qd6 Rd8 22.Qxf4 Qxf4
23.Nxf4 fxe4 24.Bd5 Bf5 25.Bxc6 bxc6 26.Nh5 Bg6 27.Nxg7 Kg8 28.Ne6 Rd2 29.Bc3 e3
30.Bxd2 exd2 31.Rxc6 Be3 32.Rxa6 Re8 33.Rd6 Bh5 34.Nc7 Rf8 35.Rb1 Rc8 36.Rd7 Bg4
37.Re7 Bf4 38.h3 Bf5 39.Rf1 Bxc7 40.g4 Bc2 41.Rd7 Be4+ 42.Kg1 Bb6+ 43.Kh2 Rc1
44.Rf6 Bc7+ 45.Rxc7 Rxc7 46.Rd6 Rc2 47.Kg3 Rc3+ 48.Kf2  0-1

[Event "29th Mem Nezhmetdinov"]
[Site "Kazan RUS"]
[Date "2007.06.09"]
[Round "9"]
[White "Bogachkov,I"]
[Black "Demianjuk,A"]
[Result "1/2-1/2"]
[WhiteElo "2287"]
[BlackElo "2316"]

1.e4 c5 2.Nc3 Nc6 3.Nf3 g6 4.d4 cxd4 5.Nxd4 Bg7 6.Be3 Nf6 7.Bc4 O-O 8.Bb3 a5
9.f3 d6 10.Qd2 Bd7 11.a4 Nxd4 12.Bxd4 Be6 13.Bxe6 fxe6 14.e5 Nh5 15.exd6 exd6
16.O-O-O  1/2-1/2

[Event "5th V Nabokov Mem"]
[Site "Kyiv UKR"]
[Date "2007.06.09"]
[Round "7"]
[White "Kernazhitsky,L"]
[Black "Vedmediuc,S"]
[Result "1/2-1/2"]
[WhiteElo "2364"]
[BlackElo "2361"]

1.e4 c5 2.Nc3 Nc6 3.Bb5 g6 4.Bxc6 dxc6 5.d3 Bg7 6.Be3 b6 7.Qd2 Nf6 8.Bh6 Bxh6
9.Qxh6 Ng4 10.Qd2 e5 11.Nf3 Qe7 12.Ne2 Nf6 13.Qc3 Nd7 14.a4 f6 15.O-O Nf8
16.Nd2 g5 17.Ng3 Ne6 18.b4 O-O 19.Nf5 Qc7 20.bxc5 Nxc5 21.Nb3 Bxf5 22.Nxc5 Bc8
23.Nb3 Be6 24.Nd2 Qd6 25.Rfb1 Rfd8 26.Nf1 Rac8 27.Ne3 Qd4 28.Qa3 Qd6 29.a5 b5
30.Qxd6 Rxd6 31.Kf1 a6 32.Ke2 Rcd8 33.h4 c5 34.hxg5 fxg5 35.Rh1 Kg7 36.Rad1 h6
37.g4 Rd4 38.c3 Ra4 39.Ra1 c4 40.dxc4 Bxc4+ 41.Kf3 Rxa1 42.Rxa1 Rd3 43.Rc1 Kf8
44.Kg2 Be6 45.Kf1 Rd2 46.c4 bxc4 47.Nxc4 Ra2 48.Nxe5 Rxa5 49.Nc6 Ra2 50.f3 a5
51.Nd4 Bd7 52.Rc7 Ke8 53.e5 Rd2 54.Rc4 Rb2 55.Ke1 a4 56.e6 a3 57.exd7+ Kxd7
58.Ra4 a2 59.Nb3 Kd6 60.Nc1 Rb1 61.Rxa2 Rxc1+ 62.Kf2 Rc6 63.Re2 Rc5  1/2-1/2

[Event "German Int ch-Youth"]
[Site "Neuhausen GER"]
[Date "2007.06.09"]
[Round "8"]
[White "Kurmann,O"]
[Black "Huschenbeth,N"]
[Result "1-0"]
[WhiteElo "2433"]
[BlackElo "2279"]

1.e4 c5 2.Nf3 Nc6 3.Nc3 Nf6 4.Bb5 Nd4 5.e5 Nxb5 6.Nxb5 Nd5 7.Ng5 a6 8.Qf3 f6
9.Qxd5 fxg5 10.Nc3 e6 11.Qf3 g6 12.Ne4 Be7 13.O-O Rf8 14.Qg3 b6 15.d3 Rf5
16.Bd2 Bb7 17.Rae1 Kf7 18.f4 gxf4 19.Rxf4 Bxe4 20.dxe4 Rxf4 21.Qxf4+ Kg8
22.Rf1 Qf8 23.Qg3 Qg7 24.Rd1 d5 25.exd5 exd5 26.Qb3 Qxe5 27.Re1 Qd4+ 28.Be3 Qc4
29.Qxb6 Rf8 30.Qe6+ Rf7 31.b3 Qc3 32.Rf1 Bf6 33.Bh6 Qd4+ 34.Kh1  1-0

[Event "National Open"]
[Site "Las Vegas USA"]
[Date "2007.06.10"]
[Round "6"]
[White "Liu,E"]
[Black "Gurbanzade,E"]
[Result "1/2-1/2"]
[WhiteElo "2260"]
[BlackElo "2166"]

1.e4 c5 2.Nc3 Nc6 3.Bb5 g6 4.Bxc6 dxc6 5.d3 Bg7 6.Be3 b6 7.Qd2 e5 8.Nge2 Be6
9.O-O-O Qd7 10.f4 O-O-O 11.fxe5 Bxe5 12.Bf4 Bg7 13.e5 Qc7 14.Qe3 Ne7 15.d4 Nf5
16.Qe4 cxd4 17.Nxd4 Nxd4 18.Rxd4 Bf5 19.Rxd8+ Rxd8 20.Qc4 Bxe5 21.Bxe5 Qxe5
22.Qxc6+ Kb8 23.Qf3 h5  1/2-1/2

[Event "1st Alushta Summer"]
[Site "Alushta UKR"]
[Date "2007.06.12"]
[Round "13"]
[White "Simonian,H"]
[Black "Shtyrenkov,V"]
[Result "1/2-1/2"]
[WhiteElo "2402"]
[BlackElo "2435"]

1.e4 c5 2.Nc3 Nc6 3.Bb5 Na5 4.Nf3 a6 5.Be2 b5 6.O-O Bb7 7.d3 e6 8.Be3 Nf6
9.h3 Be7 10.e5 Nd5 11.Nxd5 Bxd5 12.b3 Bb7 13.c4 O-O 14.Qc2 Rc8 15.Rad1 Nc6
16.Qb2 Qc7 17.cxb5 axb5 18.Rc1 Nb4 19.Bxc5 Bxc5 20.d4 Bxf3 21.gxf3 Qd8 22.dxc5 Qg5+
23.Kh2 Qf4+ 24.Kh1 Qh4 25.Kh2 Nd5 26.Rg1 Qxf2+ 27.Rg2 Qe3 28.Bxb5 Rxc5 29.Rxc5 Qxc5
30.Bd3 Nf4 31.Rd2 f5 32.Bf1 Rc8 33.Qd4 Qxd4 34.Rxd4 Rc2+ 35.Kg1 g5 36.a4 Ng6
37.Rc4 Ra2 38.Rc5 Nh4 39.Rc3 Ng6 40.Rc5  1/2-1/2

[Event "11th Master Open"]
[Site "Voronezh RUS"]
[Date "2007.06.12"]
[Round "1"]
[White "Danin,A"]
[Black "Serjakov,D"]
[Result "1/2-1/2"]
[WhiteElo "2513"]
[BlackElo "2287"]

1.e4 c5 2.Nf3 Nc6 3.Nc3 e5 4.Bc4 Be7 5.d3 d6 6.O-O Nf6 7.h3 O-O 8.a3 Nd7
9.Nd5 Nb6 10.Nxb6 axb6 11.c3 Be6 12.Bd5 Bxd5 13.exd5 Nb8 14.d4 cxd4 15.cxd4 e4
16.Nd2 f5 17.Re1 Na6 18.f3 Bh4 19.Re2 Qf6 20.Nf1 Nb4 21.g3 Qg6 22.Kh2 Bf6
23.Qb3 Nd3 24.Be3 exf3 25.Rd2 f4 26.Rxd3 fxe3 27.Nxe3 Rae8 28.Rf1 Bg5 29.Rf2 h5
30.Nf1 Re2 31.Kg1 Rxf2 32.Kxf2 Qe4 33.Rxf3 Qxd4+ 34.Kg2 Re8 35.Rf2 Re5 36.Qc2 Qxd5+
37.Kh2 Qe6 38.Qd3 Be3 39.Nxe3 Rxe3 40.Qc2 Qe5 41.Qc8+ Kh7 42.Qf5+ Qxf5 43.Rxf5 Re5
44.Rf7 Re2+ 45.Kg1 Rxb2 46.Rxb7 Kg6 47.Rd7 Rd2 48.Rb7 Rd3 49.Rxb6 Rxg3+ 50.Kh2 Rd3
51.a4 Kf6 52.a5 Ke6 53.Rb8 Ra3 54.Ra8 Kf5 55.Rd8 Ke5 56.Rg8 g6 57.Re8+ Kf4
58.Re6 Ra2+ 59.Kg1 Rxa5 60.Rxd6 Ra1+  1/2-1/2

[Event "11th Master Open"]
[Site "Voronezh RUS"]
[Date "2007.06.12"]
[Round "1"]
[White "Shamugia,S"]
[Black "Kislinsky,A"]
[Result "0-1"]
[WhiteElo "2217"]
[BlackElo "2472"]

1.e4 c5 2.Nf3 Nc6 3.Nc3 g6 4.Bc4 Bg7 5.O-O d6 6.d3 Nf6 7.a3 O-O 8.h3 h6 9.Be3 e5
10.Nh2 Nh5 11.Ne2 Kh7 12.c3 g5 13.d4 exd4 14.cxd4 Qe7 15.Re1 Be6 16.Bd5 Rac8
17.Bxc6 bxc6 18.dxc5 dxc5 19.Qc2 c4 20.Bd4 Rfd8 21.Bxg7 Kxg7 22.Ng4 Rd3 23.Ne5 Rb3
24.Nd4 Qf6 25.Nxb3 cxb3 26.Qc3 Nf4 27.Rac1 c5 28.Kf1 c4 29.Red1 h5 30.Nf3 Kg6
31.Qxf6+ Kxf6 32.Nd4 c3 33.bxc3 Bc4+ 34.Ke1 Nxg2+ 35.Kd2 a5 36.a4 Nf4 37.Rh1 Nd3
38.Rb1 Nc5 39.Ke3 Nxa4  0-1

[Event "11th Master Open"]
[Site "Voronezh RUS"]
[Date "2007.06.13"]
[Round "2"]
[White "Novikov,St"]
[Black "Golovin,Leo"]
[Result "1-0"]
[WhiteElo "2556"]
[BlackElo "2431"]

1.e4 c5 2.Nc3 Nc6 3.Nf3 d6 4.d4 cxd4 5.Nxd4 Nf6 6.Bg5 e6 7.Qd2 Be7 8.O-O-O O-O
9.f4 h6 10.Bxf6 Bxf6 11.Ndb5 Qa5 12.Nxd6 Rd8 13.Bc4 a6 14.Kb1 b5 15.Bb3 b4
16.Na4 Ra7 17.e5 Rad7 18.c4 Rxd6 19.exd6 Nd4 20.Qe3 Rxd6 21.Rd2 e5 22.c5 Bf5+
23.Ka1 Rd8 24.Rhd1 Be6 25.g3 Bxb3 26.axb3 Nc2+ 27.Rxc2 Rxd1+ 28.Ka2 Qb5 29.Qf3 Rd3
30.Qe2 exf4 31.c6 Be5 32.Rc5 f3 33.Qxe5 f2 34.Qe8+ Kh7 35.Qe4+ g6 36.Rxb5 f1=Q
37.Rd5 Rf3  1-0

[Event "11th Master Open"]
[Site "Voronezh RUS"]
[Date "2007.06.14"]
[Round "3"]
[White "Shamugia,S"]
[Black "Goncharov,Vi"]
[Result "1/2-1/2"]
[WhiteElo "2217"]
[BlackElo "2006"]

1.e4 c5 2.Nf3 Nc6 3.Nc3 d6 4.d4 cxd4 5.Nxd4 Nf6 6.Bg5 e6 7.Qd2 Be7 8.O-O-O a6
9.f4 Qc7 10.Kb1 Bd7 11.Nb3 O-O-O 12.Be2 Be8 13.Qe1 Kb8 14.Rf1 Rc8 15.Rf3 Nb4
16.Re3 Bc6 17.a3 Nxc2 18.Kxc2 Ba4 19.Rd4 Bxb3+ 20.Kxb3 Qb6+ 21.Rb4 Qxe3 22.Rxb7+ Ka8
23.Rxe7 Nxe4 24.Bh4 Rxc3+ 25.bxc3 Rc8 26.Bf2 Rxc3+ 27.Kb2 Rb3+ 28.Kc2 Rc3+
29.Kb2 Rb3+ 30.Kc2 Rc3+ 31.Kb2 Rb3+ 32.Kc2 Rc3+  1/2-1/2

[Event "Open"]
[Site "Teplice CZE"]
[Date "2007.06.17"]
[Round "2"]
[White "Tazbir,M"]
[Black "Svarc,R"]
[Result "1-0"]
[WhiteElo "2428"]
[BlackElo "2175"]

1.e4 c5 2.Nc3 Nc6 3.Bb5 g6 4.Bxc6 dxc6 5.f4 Bg7 6.Nf3 Nf6 7.O-O O-O 8.d3 b5
9.Qe1 a5 10.Be3 c4 11.dxc4 b4 12.Na4 Ba6 13.e5 Nd7 14.b3 Qc7 15.Qh4 Rae8
16.Rad1 f6 17.e6 Nb8 18.f5 Bc8 19.Qg4 gxf5 20.Qxf5 Kh8 21.Rd4 Bxe6 22.Qxe6 f5
23.Bf4 Qc8 24.Nc5 Qxe6 25.Nxe6 Bxd4+ 26.Nfxd4 Rf7 27.Be5+ Kg8 28.Nxf5  1-0

[Event "III Perla Baltyku A"]
[Site "Mielno POL"]
[Date "2007.06.18"]
[Round "1"]
[White "Markiewicz,Ja"]
[Black "Zakoscielna,K"]
[Result "1-0"]
[WhiteElo "2307"]
[BlackElo "2094"]

1.e4 c5 2.Nc3 Nc6 3.Nf3 g6 4.d4 cxd4 5.Nxd4 Bg7 6.Be3 Nf6 7.Bc4 Qa5 8.O-O O-O
9.Bb3 d6 10.h3 Bd7 11.f4 Rac8 12.Qf3 Nxd4 13.Bxd4 Bc6 14.Rae1 b5 15.a3 b4
16.axb4 Qxb4 17.Bxa7 Rc7 18.Bf2 Bb7 19.Bh4 Rfc8 20.Re3 Ne8 21.f5 Nf6 22.fxg6 hxg6
23.Kh1 Rf8 24.Qg3 Kh7 25.Bg5 Nh5 26.Qh4 f6 27.Bf4 e5 28.Bh2 Bh6 29.Rd3 Ba6
30.Nd5 Bxd3 31.Nxb4 Bxf1 32.g4 Nf4 33.Bxf4 exf4 34.Nd5 Ra7 35.Nxf6+ Kg7 36.g5 Bxg5
37.Qh7+ Kxf6 38.Qxa7 f3 39.Qd4+  1-0

[Event "Masters"]
[Site "Grenoble FRA"]
[Date "2007.06.21"]
[Round "2"]
[White "Olivier,JC"]
[Black "Vuilleumier,A"]
[Result "1-0"]
[WhiteElo "2363"]
[BlackElo "2343"]

1.e4 c5 2.Nc3 Nc6 3.Nge2 g6 4.d4 cxd4 5.Nxd4 Bg7 6.Be3 Nf6 7.Be2 O-O 8.Nb3 d6
9.f4 Be6 10.g4 Na5 11.Bd4 Bc4 12.Bxc4 Nxc4 13.g5 e5 14.gxf6 exd4 15.fxg7 Qh4+
16.Ke2 Rfe8 17.Qxd4 Qg4+ 18.Ke1 Qg2 19.Rf1 Nxb2 20.Rf2 Qh3 21.Nd5 Re6 22.Nd2 Qf5
23.Kf1 Qh3+ 24.Kg1 Nd1 25.Rg2 Rc8 26.Rxd1 Rxc2 27.f5 Re5 28.f6  1-0

[Event "III Perla Baltyku A"]
[Site "Mielno POL"]
[Date "2007.06.21"]
[Round "5"]
[White "Lapinski,K"]
[Black "Tofil,B"]
[Result "1/2-1/2"]
[WhiteElo "2175"]
[BlackElo "2138"]

1.e4 c5 2.Nc3 Nc6 3.Bb5 Nd4 4.Bc4 e6 5.Nf3 a6 6.Nxd4 cxd4 7.Ne2 b5 8.Bb3 Bb7
9.d3 Bc5 10.O-O Ne7 11.Ng3 O-O 12.Qh5 Bb6 13.f4 g6 14.Qe2 f5 15.Kh1 Qc7 16.Bd2 Rad8
17.Rad1 Kh8 18.a3  1/2-1/2

[Event "White Nights"]
[Site "St Petersburg RUS"]
[Date "2007.06.25"]
[Round "1"]
[White "Davydov,An"]
[Black "Chernov,Vl3"]
[Result "1-0"]
[WhiteElo "2366"]
[BlackElo "2046"]

1.e4 c5 2.Nf3 Nc6 3.Nc3 e5 4.Bc4 Be7 5.d3 d6 6.O-O Nf6 7.a3 a6 8.Nd5 O-O
9.c3 Rb8 10.Re1 b5 11.Nxe7+ Nxe7 12.Ba2 Be6 13.Bb1 Ng6 14.d4 Qc7 15.Bg5 Ne8
16.Bd3 h6 17.Be3 Nf6 18.h3 Rfe8 19.Rc1 Bd7 20.Nd2 Rbc8 21.dxc5 dxc5 22.c4 Qd6
23.Qe2 Red8 24.cxb5 Bxb5 25.Bxb5 axb5 26.Qxb5 Rb8 27.Qa4 Qd7 28.Qc2 Qb7 29.Nc4 Nxe4
30.f3 Nd6 31.Nxd6 Rxd6 32.Bxc5 Rd5 33.b4 Nf4 34.Red1 Rbd8 35.Rxd5 Qxd5 36.Be3 Nd3
37.Rd1 e4 38.fxe4 Qxe4 39.Bf2 f5 40.b5 Kh7 41.Rf1 Qd5 42.a4 Nf4 43.Bb6 Rb8
44.Rxf4 Rxb6 45.Qxf5+ Qxf5 46.Rxf5 Kg6 47.Rc5 Rb8 48.a5  1-0

[Event "Narciso Yepes Mem"]
[Site "Lorca ESP"]
[Date "2007.06.26"]
[Round "4"]
[White "Sanchez Jerez,E"]
[Black "Plaskett,J"]
[Result "0-1"]
[WhiteElo "2174"]
[BlackElo "2499"]

1.e4 c5 2.Nc3 Nc6 3.Nge2 d6 4.d4 cxd4 5.Nxd4 e6 6.Be2 Nf6 7.O-O Be7 8.Be3 O-O
9.f4 Qc7 10.Bf3 Nxd4 11.Qxd4 e5 12.Qd3 exf4 13.Bxf4 Be6 14.Nd5 Bxd5 15.exd5 Rac8
16.Rf2 Nd7 17.Bg4 Nc5 18.Qh3 Rce8 19.Raf1 Bf6 20.Bxd6 Qxd6 21.Rxf6 Qe5 22.R6f5 Qxb2
23.R5f4 g6 24.c3 Qxa2 25.Qf3 f5 26.Bxf5 Qd2 27.Bxg6 Qxf4 28.Qxf4 Rxf4 29.Bxe8 Rxf1+
30.Kxf1 Ne4 31.Ke2 Nxc3+ 32.Kd3 Nxd5 33.Kd4 Nf6 34.Ba4 Kf7 35.Bd1 Ke6 36.Bf3 b6
37.Kc4 Ke5 38.Kb5 a5 39.Kxb6 a4 40.Bd1 Nd5+ 41.Kc6 Nc3 42.Bc2 a3 43.Bb3 a2
44.Bxa2 Nxa2 45.Kd7 Kf6 46.g4 Nc3 47.Ke8 Ne4 48.h4 Kg7 49.Ke7 Nf6  0-1

[Event "Open"]
[Site "Pula CRO"]
[Date "2007.06.26"]
[Round "5"]
[White "Saric,Iv"]
[Black "Stokke,K"]
[Result "1-0"]
[WhiteElo "2463"]
[BlackElo "2339"]

1.e4 c5 2.Nf3 Nc6 3.Nc3 Nf6 4.Bb5 Qc7 5.O-O Nd4 6.Re1 Qf4 7.Nxd4 cxd4 8.Nd5 Nxd5
9.exd5 a6 10.Bf1 e6 11.g3 Qf5 12.Bg2 h5 13.d3 Bd6 14.h4 Rb8 15.Be4 Qh3 16.Qf3 Qg4
17.Qg2 f6 18.Bd2 g5 19.Bg6+ Kf8 20.Re4 Bf4 21.hxg5 Bxd2 22.Rxg4 hxg4 23.gxf6 Rh6
24.Qe4 b6 25.Qe5  1-0

[Event "White Nights"]
[Site "St Petersburg RUS"]
[Date "2007.06.26"]
[Round "2"]
[White "Kudriavtsev,Y"]
[Black "Averjanov,S"]
[Result "0-1"]
[WhiteElo "1937"]
[BlackElo "2090"]

1.e4 c5 2.Nf3 Nc6 3.Nc3 e5 4.Bc4 Be7 5.d3 Nf6 6.Bg5 d6 7.Bxf6 Bxf6 8.Nd5 Be6
9.O-O O-O 10.a3 g6 11.c3 Bg7 12.b4 h6 13.Qb3 Rb8 14.Qa2 b5 15.Bb3 a5 16.Rac1 a4
17.Bc2 f5 18.c4 fxe4 19.dxe4 Rxf3 20.gxf3 Nd4 21.Kh1 Nxf3 22.Bd1 Nxh2 23.Rg1 Qh4
24.Rg3 Nf1+ 25.Kg2 Nxg3 26.fxg3 Qh3+ 27.Kg1 Bxd5 28.cxd5 Qxg3+ 29.Kh1 Qh4+
30.Qh2 Qxe4+ 31.Qg2 Qxg2+ 32.Kxg2 c4 33.Bg4 Kf8 34.Bd7 Ke7 35.Bc6 e4 36.Re1 Be5
37.Rxe4 Kf6 38.Re3 c3 39.Re2 Bf4 40.Rf2 Ke5 41.Kf3 g5 42.Re2+ Kd4 43.Re4+ Kd3
44.Bd7 c2 45.Bf5 c1=Q 46.Re3+ Kc4  0-1

[Event "Narciso Yepes Mem"]
[Site "Lorca ESP"]
[Date "2007.06.28"]
[Round "8"]
[White "Valmana Canto,J"]
[Black "Garcia Gata,J"]
[Result "1-0"]
[WhiteElo "2338"]
[BlackElo "2134"]

1.e4 c5 2.Nc3 Nc6 3.Bb5 Nd4 4.Bc4 e6 5.Nf3 a6 6.Nxd4 cxd4 7.Ne2 b5 8.Bb3 Bc5
9.d3 Ne7 10.O-O O-O 11.f4 f5 12.Ng3 Rf6 13.exf5 Nxf5 14.Ne4 Be7 15.Nxf6+ Bxf6
16.Qe1 Qe8 17.Qe4  1-0

[Event "REDA"]
[Site "Brno CZE"]
[Date "2007.06.29"]
[Round "1"]
[White "Ponizil,C"]
[Black "Kashlinskaya,A"]
[Result "1-0"]
[WhiteElo "2256"]
[BlackElo "2229"]

1.e4 c5 2.Nf3 Nc6 3.Nc3 e5 4.Bc4 Be7 5.d3 d6 6.Nd2 Bg5 7.h4 Bh6 8.Qh5 g6
9.Qd1 Nf6 10.h5 Bg4 11.f3 Be6 12.Bxe6 fxe6 13.hxg6 hxg6 14.Nc4 Bg7 15.Rxh8+ Bxh8
16.f4 Nd4 17.fxe5 Nh5 18.Qg4 Kd7 19.Bg5 Qf8 20.O-O-O b5 21.Ne3 Bxe5 22.Rf1 Qg7
23.Ncd5 Rf8 24.Rxf8 Qxf8 25.Ne7 Qf7 26.c3 Nc6 27.Nxc6 Kxc6 28.a4 bxa4 29.Qd1 Bf4
30.Qxa4+ Kb6 31.Kc2 Bxe3 32.Bxe3 Qf1 33.Qb3+ Kc6 34.Qxe6 Qxg2+ 35.Bd2 Qg3
36.Qc8+ Kb6 37.Qd8+ Kc6 38.Qc8+ Kb6 39.c4 a6 40.Ba5+ Ka7 41.Qc7+ Ka8 42.Qc6+  1-0

[Event "Asian Youth BU16"]
[Site "Tashkent UZB"]
[Date "2007.06.29"]
[Round "2"]
[White "Salehian,Si"]
[Black "Mustafaev,J"]
[Result "1/2-1/2"]
[WhiteElo "1989"]
[BlackElo "2232"]

1.e4 c5 2.Nc3 Nc6 3.Bb5 Nf6 4.Bxc6 dxc6 5.d3 g6 6.Nge2 Bg7 7.O-O O-O 8.f4 Ng4
9.Qe1 c4 10.dxc4 Qb6+ 11.Kh1 Qc5 12.h3 Nf6 13.e5 Ne8 14.b3 Qa5 15.Bd2 f6
16.exf6 exf6 17.Ne4 Qc7 18.Bb4 Rf7 19.Rd1 Bf5 20.N2g3 Bxe4 21.Nxe4 Rd7 22.Rxd7 Qxd7
23.Nc5 Qf7 24.f5 gxf5 25.Rxf5 Nd6 26.Rf1 f5 27.Qg3 Qg6 28.Qxg6 hxg6 29.Rd1 Bf8
30.Kg1 a5 31.Ne6 axb4 32.Nxf8 Kxf8 33.Rxd6 Rxa2 34.Rxg6 Kf7 35.Rd6 Rxc2 36.Rd7+ Kg6
37.Rxb7 c5 38.Rb5 Rb2 39.Rxc5 Rxb3 40.Rb5 Rb2 41.c5 Rc2 42.Rxb4 Rxc5  1/2-1/2

[Event "Open"]
[Site "Pula CRO"]
[Date "2007.06.30"]
[Round "9"]
[White "Jones,G"]
[Black "Stojanovski,D"]
[Result "1-0"]
[WhiteElo "2518"]
[BlackElo "2394"]

1.e4 c5 2.Nc3 Nc6 3.Bb5 g6 4.Bxc6 bxc6 5.f4 Bg7 6.Nf3 Nh6 7.d3 O-O 8.f5 d5
9.fxg6 fxg6 10.O-O Nf7 11.Qe1 c4 12.dxc4 dxc4 13.Qg3 Qa5 14.Be3 Bxc3 15.bxc3 Qxc3
16.Bd4 Qxc2 17.Ng5 Qd2 18.Rad1 Qa5 19.Nxf7 Rxf7 20.Rxf7 Kxf7 21.Qf4+ Ke8
22.Bg7 Qc5+ 23.Kh1 e5 24.Qf6 Bg4 25.Rd6  1-0

[Event "94th ch-GBR"]
[Site "Great Yarmouth ENG"]
[Date "2007.07.01"]
[Round "3"]
[White "Foord,D"]
[Black "White,Mi"]
[Result "0-1"]
[WhiteElo "1950"]
[BlackElo "2246"]

1.e4 c5 2.Nc3 Nc6 3.Bb5 Nd4 4.Nf3 Nxb5 5.Nxb5 d5 6.exd5 a6 7.Nc3 Nf6 8.Ne5 Nxd5
9.Ne4 Nf6 10.Nxc5 Qd5 11.d4 Qxg2 12.Qf3 Qxf3 13.Nxf3 b6 14.Nb3 Bb7 15.Nbd2 e6
16.Rg1 g6 17.Ne5 Rd8 18.c3 Bg7 19.a4 O-O 20.a5 Nd7 21.Nxd7 Rxd7 22.axb6 e5
23.Nb3 exd4 24.Nxd4 Bxd4 25.cxd4 Rxd4 26.Be3 Rb4 27.O-O-O Rc8+ 28.Kb1 Be4+
29.Ka2 Ra4+  0-1

[Event "ch-BEL Expert"]
[Site "Namur BEL"]
[Date "2007.07.01"]
[Round "2"]
[White "Laurent,B"]
[Black "Mohandesi,S"]
[Result "0-1"]
[WhiteElo "2399"]
[BlackElo "2309"]

1.e4 c5 2.Nf3 Nc6 3.Nc3 d6 4.d4 cxd4 5.Nxd4 Nf6 6.Bg5 Bd7 7.Qd2 a6 8.O-O-O e6
9.f3 b5 10.Nxc6 Bxc6 11.Ne2 Bb7 12.Nd4 Be7 13.h4 Qc7 14.Kb1 h6 15.Be3 Nd7
16.Be2 Ne5 17.b3 h5 18.Bg5 Rd8 19.f4 Ng4 20.Bxg4 hxg4 21.Qe2 g6 22.Qxg4 Bxe4
23.Bxe7 Qxe7 24.Rde1 d5 25.Rd1 Rc8 26.Qg3 b4 27.Qf2 a5 28.Rh3 a4 29.bxa4 Qa7
30.Qe1 Qxa4 31.Rb3 Rc4 32.g3 O-O 33.Kb2 Ra8  0-1

[Event "Kotov Mem"]
[Site "Tula RUS"]
[Date "2007.07.01"]
[Round "3"]
[White "Leonov,M1"]
[Black "Arzumanian,G"]
[Result "0-1"]
[WhiteElo "2441"]
[BlackElo "2487"]

1.e4 c5 2.Nf3 Nc6 3.Nc3 d6 4.Bb5 Bd7 5.Bxc6 Bxc6 6.d3 g6 7.Be3 Bg7 8.Qd2 e5
9.h3 b6 10.a4 Qd7 11.Qe2 Ne7 12.Qd2 h6 13.Qe2 O-O 14.Qd2 Kh7 15.Ng1 f5 16.f3 d5
17.Bf2 dxe4 18.O-O-O exd3 19.Qxd3 Qxd3 20.Rxd3 Rad8 21.Rxd8 Rxd8 22.Nge2 g5
23.Rd1 Rxd1+ 24.Kxd1 Kg6 25.Kd2 Nc8 26.Kd3 Nd6 27.b3 h5 28.Bg3 h4 29.Bf2 e4+
30.fxe4 Nxe4 31.Nxe4 Bxe4+ 32.Kc4 Bxg2 33.Ng1 Bf6 34.a5 g4 35.hxg4 fxg4 36.axb6 axb6  0-1

[Event "Open A"]
[Site "Klatovy CZE"]
[Date "2007.07.02"]
[Round "3"]
[White "Sodoma,J"]
[Black "Volak,M"]
[Result "1-0"]
[WhiteElo "2316"]
[BlackElo "2147"]

1.e4 c5 2.Nc3 Nc6 3.Bb5 d6 4.Bxc6+ bxc6 5.d3 g6 6.f4 Bg7 7.Nf3 Rb8 8.O-O e6
9.Qe1 Ne7 10.b3 Ba6 11.Rb1 O-O 12.Bb2 Re8 13.e5 d5 14.Rf2 Nc8 15.Na4 Bf8
16.Ba3 c4 17.Bxf8 Rxf8 18.Nc5 Rb6 19.dxc4 dxc4 20.Rd1 Qe7 21.Nd7 cxb3 22.axb3  1-0